000 00511nam a2200169Ia 4500
003 GCL
008 140319s9999 xx 000 0 ara d
040 _aGCL /
_cGCL
082 0 4 _a668.4
_bع ل
100 1 _aعلى الاشرم
245 1 0 _aاللدائن وخواصها التكنولوجية(صناعة البلاستك) /
_cعلى الاشرم
260 _a[S.N] :
_bدار الراتب الجامعية ،
_c1994
300 _a125 ص
490 _a
650 0 4 _aالبلاستيك
942 _2ddc
_cBK
999 _c52575
_d52575